000 00494cam a2200193 4500
008 090401t1990 xxu||||| |||| 00| 0 eng d
020 _a0907004067
035 _a(Sirsi) u42548
041 _aeng
050 _a711.552
110 _aHillier Parker May and Rowden
_92042
245 _aRetail parks . - Spring 1990
260 _aLondon
_bHillier Parker May and Rowden
_c1990
300 _a11p. ; 30cm.
350 _a10
650 _aRETAIL WAREHOUSES
942 _n0
948 _c04/03/1997
999 _c91152
_d91152